000 00465nam a2200181Ia 4500
008 090124s9999 xx 000 0 und d
082 _b8625
100 _aKEATING H.R.F.
245 _aBATS FLY UP FOR INSPECTOR GHOTE
250 _a1
260 _bTHE CRIME CLUB
_c1974
300 _a190
600 _aKEATING H.R.F.
630 _aBATS FLY UP FOR INSPECTOR GHOTE
700 _aKEATING H.R.F.
730 _aBATS FLY UP FOR INSPECTOR GHOTE
942 _cBOOK
999 _c85801
_d85801